States of India by First and Last Letter - Statistics

General Stats
  • This quiz has been taken 13 times
  • The average score is 12 of 36
Answers on the Map
Answers color-coded by a green-red scale on the quiz's map according to % correct below.
 
Answer Stats
State % Correct
Andaman and Nicobar Islands
55%
Andhra Pradesh
55%
Arunachal Pradesh
55%
Maharashtra
55%
Meghalaya
55%
Punjab
55%
Delhi
45%
Gujarat
45%
Madhya Pradesh
45%
Rajasthan
45%
Sikkim
45%
Uttar Pradesh
45%
Assam
36%
Himachal Pradesh
36%
Tamil Nadu
36%
Telangana
36%
Tripura
36%
West Bengal
36%
Bihar
27%
Goa
27%
Karnataka
27%
Kerala
27%
Ladakh
27%
Odisha
27%
Uttarakhand
27%
Chandigarh
18%
Chhattisgarh
18%
Haryana
18%
Jammu and Kashmir
18%
Jharkhand
18%
Manipur
18%
Mizoram
18%
Nagaland
18%
Dadra and Nagar Haveli and Daman and Diu
9%
Lakshadweep
9%
Puducherry
0%
No matching quizzes found
Score Distribution
Percent of People with Each Score
Percentile by Number Answered
Your Score History
You have not taken this quiz